| 000 | 00416cam a2200181ua 4500 | ||
|---|---|---|---|
| 041 |
_amal _h |
||
| 082 |
_a894.812308 _bKRI/DE |
||
| 100 |
_aKrishna Variyar, N V . _95964 |
||
| 245 |
_aDevadasan / _cN V Krishna Variyar. _hTextual Documents |
||
| 250 |
_a1 / _b. |
||
| 260 |
_aThrissur : _bCurrent books , _c1957. |
||
| 300 | _a247 ; . | ||
| 504 | _a | ||
| 942 | _cBK | ||
| 999 |
_c45 _d45 |
||
| 003 | @ | ||
| 003 | OSt | ||